000 00339nam a22001337a 4500
999 _c517834
_d517834
008 210730b ||||| |||| 00| 0 eng d
100 _aSharma, Rashi
_928142
245 _aBoosting the education sector
260 _aKurukshetra
300 _a69(5), Mar, 2021: p.23-28
773 _aKurukshetra
906 _aEDUCATION
942 _cAR